000 00567cam a2200205ua 4500
001 11631
008 191014n ii |||gr||||Z||||||eng
020 _a9789381138205
040 _cMAIN
041 _aeng
082 _a820.954
100 _aBirendra Sinha,
_eAuthor.,
245 _aResearch in indian english literature
_cBy Birendra Sinha and Dinesh Mishra
250 _a1st ed.
260 _aDelhi:
_bPacific books international,
_c2013.
300 _a281p.
653 _aEnglish.& Old English literatures
700 _aDinesh Mishra,
_eAuthor.
942 _cBK
999 _c10444
_d10444